Izolácia cenných zlúčenín z kôry listnatých drevín pomocou hlbokoeutektických rozpúšťadiel

Saved in:
Bibliographic Details
Main Author: Krokhmalna, Tetiana (Author)
Other Authors: Ház, Aleš (Thesis advisor)
Format: Manuscript Book
Language:Slovak
Published: 2025
Subjects:
Online Access:http://is.stuba.sk/zp/portal_zp.pl?podrobnosti=172075
Tags: Add Tag
No Tags, Be the first to tag this record!

MARC

LEADER 00000ntm a22000003a 4500
001 stuzp104647
003 SK-STU
005 20250628211828.3
007 ta
008 150427s2015----xo-----f-mn---000-0-slo-d
040 |a STU  |b slo 
041 0 |a slo 
100 1 |a Krokhmalna, Tetiana  |u 049380  |4 aut  |U FCHPT Ústav prírodných a syntetických polymérov  |T FCHPT Oddelenie dreva, celulózy a papiera  |X 117450  |U C9380  |Y 129  |7 117450 
242 0 1 |a Isolation of valuable compounds from the bark of hardwood trees using deep eutectic solvents  |y eng 
245 1 0 |a Izolácia cenných zlúčenín z kôry listnatých drevín pomocou hlbokoeutektických rozpúšťadiel 
260 |c 2025 
650 4 |a extrakcia  |2 slo 
650 4 |a AA  |2 slo 
650 4 |a ASE  |2 slo 
650 4 |a dubová kôra  |2 slo 
650 4 |a hlbokoeutektické rozpúšťadlo-DES  |2 slo 
650 4 |a extraktívne látky  |2 slo 
650 4 |a TPC  |2 slo 
650 4 |a deep eutectic solvent – DES  |2 eng 
650 4 |a extractive compounds  |2 eng 
650 4 |a AA  |2 eng 
650 4 |a extraction  |2 eng 
650 4 |a oak bark  |2 eng 
650 4 |a ASE  |2 eng 
650 4 |a TPC  |2 eng 
700 1 |a Ház, Aleš  |u 049380  |k Z1  |4 ths  |U FCHPT Ústav prírodných a syntetických polymérov  |T FCHPT Oddelenie dreva, celulózy a papiera  |X 22008  |U C9380  |Y 129  |7 A000022008 
856 4 |u http://is.stuba.sk/zp/portal_zp.pl?podrobnosti=172075